| 000 | nam a22 a 4500 | ||
|---|---|---|---|
| 999 |
_c421166 _d421166 |
||
| 003 | BLK | ||
| 005 | 20210623125516.0 | ||
| 008 | 210622b bu ||||| |||| 00| 0 bu d | ||
| 040 | _aBLK | ||
| 041 |
_aFRE _cFRE |
||
| 080 |
_aФренска литература _b821.133.1 _x-31 _z821.133.1-31 |
||
| 100 |
_91299 _aSaint-Georges, Henri _eпърви автор |
||
| 139 | _aSaint-Georges, Henri | ||
| 245 |
_aLes yeux verts _cPar H[enri] de Saint-Georges |
||
| 260 |
_9435990 _aParis _bE. Dentu _c1873 |
||
| 300 |
_a274 p. _c18 cm |
||
| 380 | _aX | ||
| 490 |
_9435080 _aКолекция Редки и ценни издания |
||
| 852 |
_aРф 873 _bРц |
||
| 942 |
_cKNG _n0 _s1 |
||
| 944 |
_aCR _c2021-06-22 _kNR |
||